The polyphonic personality of Alexander Luria and the "Hamburg Score" in psychology
| Published in: | A.R. Luria and contemporary psychology, Tatiana Akhutina ... [et al.], eds. ; [preface Jerome Bruner], New York, 2005, p. 43-47 |
|---|---|
| Main Author: | |
| Content type: | Article |
| Source: | MPIPL_cat |
| _version_ | 1863687077495832577 |
|---|---|
| author | Asmolov, Alexander G. |
| author_facet | Asmolov, Alexander G. |
| author_search | Asmolov, Alexander G. |
| author_sort | Asmolov, Alexander G. |
| author_variant | a g a ag aga |
| collection_details | MPIPL |
| container_reference | p. 43-47 |
| container_start_page | 43 |
| container_title | A.R. Luria and contemporary psychology : festschrift celebrating the centennial of the birth of Luria |
| dedup_id_str | MPIPL_cat.PL000150916 |
| dewey-hierarchy | 0/[Unassigned]/ |
| dewey-hierarchy_str | 0/[Unassigned]/ |
| first_indexed | 2026-03-14T00:41:22Z |
| format | 0/Artikel/ |
| format_str | 0/Artikel/ |
| fullrecord | <?xml version="1.0" encoding="UTF-8"?>
<collection xmlns:xsi="http://www.w3.org/2001/XMLSchema-instance" xsi:schemaLocation="http://www.loc.gov/MARC21/slim http://www.loc.gov/standards/marcxml/schema/MARC21slim.xsd" xmlns="http://www.loc.gov/MARC21/slim">
<record>
<leader>00000naa a2200000 u 4500</leader>
<controlfield tag="001">PL000150916</controlfield>
<controlfield tag="003">PLI01000000000000000148277</controlfield>
<controlfield tag="005">00000000000000.0</controlfield>
<controlfield tag="007">tu|||||||||||||||||||||</controlfield>
<controlfield tag="008">t r ||| eng </controlfield>
<datafield tag="100" ind1="1" ind2=" ">
<subfield code="a">Asmolov, Alexander G.</subfield>
</datafield>
<datafield tag="245" ind1="0" ind2="4">
<subfield code="a">The polyphonic personality of Alexander Luria and the "Hamburg Score" in psychology</subfield>
<subfield code="c">Alexander G. Asmolov</subfield>
</datafield>
<datafield tag="952" ind1=" " ind2=" ">
<subfield code="j">2005</subfield>
<subfield code="h">p. 43-47</subfield>
</datafield>
<datafield tag="041" ind1="0" ind2="7">
<subfield code="a">eng</subfield>
<subfield code="2">ISO 639-2</subfield>
</datafield>
<datafield tag="996" ind1=" " ind2=" ">
<subfield code="a">Aufsatz</subfield>
</datafield>
<datafield tag="996" ind1=" " ind2=" ">
<subfield code="a">Aufsatz</subfield>
</datafield>
<datafield tag="997" ind1=" " ind2=" ">
<subfield code="a">book chapter</subfield>
</datafield>
<datafield tag="773" ind1="0" ind2="8">
<subfield code="t">A.R. Luria and contemporary psychology</subfield>
<subfield code="a">Tatiana Akhutina ... [et al.], eds. ; [preface Jerome Bruner]</subfield>
<subfield code="d">New York, 2005</subfield>
<subfield code="g">p. 43-47</subfield>
<subfield code="w">MPIPL_cat.PL000150910</subfield>
<subfield code="z">1-59454-102-7</subfield>
<subfield code="i">In:</subfield>
</datafield>
</record>
</collection>
|
| hierarchy_parent_id | MPIPL_cat.PL000150910 |
| hierarchy_parent_title | A.R. Luria and contemporary psychology : festschrift celebrating the centennial of the birth of Luria |
| id | MPIPL_cat.PL000150916 |
| illustrated | Not Illustrated |
| institution | MPIPL_cat |
| institution_str | MPIPL_cat |
| isbn | 9781594541025 1-59454-102-7 |
| language | eng |
| language_str | eng |
| last_indexed | 2026-04-27T23:42:50Z |
| local_fields | Aufsatz |
| online | false |
| online_MPIPL_cat | false |
| online_str | false |
| record_format | marc |
| spelling | Asmolov, Alexander G. The polyphonic personality of Alexander Luria and the "Hamburg Score" in psychology Alexander G. Asmolov A.R. Luria and contemporary psychology Tatiana Akhutina ... [et al.], eds. ; [preface Jerome Bruner] New York, 2005 p. 43-47 1-59454-102-7 In |
| spellingShingle | Asmolov, Alexander G. The polyphonic personality of Alexander Luria and the "Hamburg Score" in psychology |
| title | The polyphonic personality of Alexander Luria and the "Hamburg Score" in psychology |
| title_full | The polyphonic personality of Alexander Luria and the "Hamburg Score" in psychology Alexander G. Asmolov |
| title_fullStr | The polyphonic personality of Alexander Luria and the "Hamburg Score" in psychology Alexander G. Asmolov |
| title_full_unstemmed | The polyphonic personality of Alexander Luria and the "Hamburg Score" in psychology Alexander G. Asmolov |
| title_search | The polyphonic personality of Alexander Luria and the "Hamburg Score" in psychology |
| title_short | The polyphonic personality of Alexander Luria and the "Hamburg Score" in psychology |
| title_sort | polyphonic personality of alexander luria and the hamburg score in psychology alexander g asmolov |